Crossword Blackout! VII Quiz Stats

 Plays Quiz Updated Aug 7, 2018

Support Sporcle.
Go Orange.
Score 0/63 Timer 14:00
0 Plays Today
% Correct
???
90.1%
???
67.9%
???
62.2%
???
58.4%
???
54.7%
???
52%
???
50.1%
???
48.5%
???
46.7%
???
44.9%
???
41.8%
???
41.2%
???
41.1%
???
41%
???
38.5%
???
38.4%
???
38.1%
???
37.9%
???
37.3%
???
35.6%
???
35.5%
???
34.7%
???
32.8%
???
32.7%
???
32%
???
31.4%
???
31.3%
???
30.7%
???
30.3%
???
30%
???
29.9%
???
29.5%
% Correct
???
29.4%
???
29.2%
???
29%
???
28.9%
???
28.7%
???
28.6%
???
28.5%
???
28.3%
???
28.1%
???
28%
???
28%
???
27.9%
???
27.3%
???
26.8%
???
26.8%
???
26.7%
???
26.6%
???
26.5%
???
26.3%
???
26.2%
???
25.9%
???
25.7%
???
25.5%
???
25.4%
???
25.3%
???
25.2%
???
24.6%
???
24.4%
???
24.4%
???
24.2%
???
23.6%

From the Vault

Build-a-Painting

by petenge

History 4m
Well if you're trying to construct your painting with bricks and concrete, that might be your first problem.
Remove Ads.
Support Sporcle.
Get the best of Sporcle when you Go Orange. This ad-free experience offers more features, more stats, and more fun while also helping to support Sporcle. Thank you for becoming a member.

Show Comments

Extras

Top Quizzes Today


Score Distribution

Your Account Isn't Verified!

In order to create a playlist on Sporcle, you need to verify the email address you used during registration. Go to your Sporcle Settings to finish the process.

Report this User

Report this user for behavior that violates our Community Guidelines.

Details: